Kapitálová přiměřenost: pojišťovny hrají na honěnou

Prichádza zmena, ktorú vyvolali orgány štátneho dozoru, kapitálové trhy a v rastúcej miere i samy popredné poisťovne, ktoré objavili obchodné prínosy nového modelu regulácie. Prípravy na Basel II a snaha splniť požiadavjy Basel I v oblasti trhového rizika viedli banky k tomu, aby investovali do prep...

Descrizione completa

Salvato in:
Dettagli Bibliografici
Autore principale: Lozsi, Imrich
Altri autori: Hencová, Monika
Natura: Capitolo di libro
Lingua:ceco
Soggetti:
Tags: Aggiungi Tag
Nessun Tag, puoi essere il primo ad aggiungerne!!

MARC

LEADER 00000naa$a2200000$$$4500
001 0021334
005 20230927101306.9
041 0 |a cze 
044 |a CZ 
245 1 0 |a Kapitálová přiměřenost: pojišťovny hrají na honěnou  |c Imrich Lozsi, Monika Hencová 
520 |a Prichádza zmena, ktorú vyvolali orgány štátneho dozoru, kapitálové trhy a v rastúcej miere i samy popredné poisťovne, ktoré objavili obchodné prínosy nového modelu regulácie. Prípravy na Basel II a snaha splniť požiadavjy Basel I v oblasti trhového rizika viedli banky k tomu, aby investovali do prepracovaných modelov merania rizík, postupov ich riadenia a vyhoveli tak orgánom štátneho dozoru. Basel II do poisťovníctva prináša výhľad nového prístupu ku kapitálovej primeranosti, ktorý by bol založený na riziku a orientovaný na trh. Projekt Európskej únie Solventnosť II. 
610 2 0 |a Európska únia 
610 2 0 |a poisťovne komerčné 
610 2 0 |a riziko trhové 
610 2 0 |a podnikanie rizikové 
610 2 0 |a primeranosť kapitálová 
610 2 0 |a projekty 
100 1 |a Lozsi, Imrich 
700 1 |a Hencová, Monika